| 000 | 01318nam a22002777a 4500 | ||
|---|---|---|---|
| 003 | OSt | ||
| 005 | 20250122110933.0 | ||
| 008 | 210325b 2020 dr ac 00| 0 eng d | ||
| 020 | _a9789945880243 | ||
| 040 |
_cBNPHU _bspa _aDO-SdBNP |
||
| 082 | 4 |
_222 _a320.97293 _bB622m |
|
| 100 |
_aBisonó Haza, Víctor O., _d1963- _955852 |
||
| 245 | 1 | 0 |
_aIto Bisonó- mis escritos : _breflexiones de un político / _cVíctor Orlando Bisonó Haza. ; edición, José Rafael Mata. |
| 260 |
_aSanto Domingo : _bSerigraf, _c2020. |
||
| 300 |
_a195 p. : _bil., retrs. ; _c23 cm. |
||
| 500 | _aIncluye datos biográficos del autor en la solapa de la contracubierta. | ||
| 500 | _aLa biblioteca posee 1 ejemplar autografiado por el autor. | ||
| 505 |
_gCapítulo 1 _tAnhelos ciudadanos -- _gCapítulo 2 _tDefensa territorial -- _gCapítulo 3 _tEjemplos a seguir -- _gCapítulo 4 _tMirada interior -- _gCapítulo 5 _tVisión de futuro -- |
||
| 590 | _aInventariado, 2021 /LP | ||
| 590 | _aLa biblioteca posee 1 ejemplar autografiado por el autor. | ||
| 600 | 0 |
_aBisonó Haza, Víctor O., _d1963- _xPensamiento político _955852 |
|
| 651 | 4 |
_aRepública Dominicana _xPolítica y gobierno _vEnsayos, conferencias etc. _9205 |
|
| 700 | 1 |
_aMata, José Rafael, _eedición _978284 |
|
| 910 | _aValidado. Control de calidad MFF | ||
| 942 |
_2ddc _cLBS1 |
||
| 999 |
_c49686 _d49686 |
||